000 00691cam a2200217u 4500
001 000018115
005 20200929165348.0
008 830715s1966 nyu 000 0 eng
040 _aDO-SdBNP
_cCarP
_dDLC
_dBNPHU
082 _a813.44
_bB365w
100 1 _aBeach, Edward L.
_q(Edward Latimer),
_d1918-2002.
_939258
245 1 4 _aThe wreck of the Memphis /
_cEdward L. Beach.
250 _a2a reimp.
260 _aNew York :
_bHolt, Rinehart and Winston,
_c[1966].
300 _aviii, 312 p. ;
_c22 cm.
610 2 0 _aMemphis (Cruiser)
_939259
650 4 _aNovela estadounidense
_9262
650 4 _aLiteratura estadounidense
_9263
910 _aCatalogación por copia / LC
049 _aBNGR
999 _c17636
_d17636